[Event "Barcelona La Lira op-C 11th"]
[Site "Barcelona"]
[Date "2008.07.22"]
[Round "4.1"]
[White "Pantaleoni Reluy, Amadeu"]
[Black "Romero Funieles, Rafael de Jesus"]
[Result "1-0"]
[WhiteElo "1909"]
[BlackElo "1796"]
[PlyCount "197"]
[EventDate "2008.07.19"]
[EventType "tourn"]
[EventRounds "9"]
[EventCountry "ESP"]
[SourceTitle "EXT 2024"]
[Source "ChessBase"]
[SourceDate "2023.10.10"]
[SourceVersion "1"]
[SourceVersionDate "2023.10.10"]
[SourceQuality "1"]

1. d4 d5 2. e3 e6 3. c4 dxc4 4. Bxc4 c6 5. Nf3 h6 6. 0-0 Bd6 7. e4 Nd7 8. Re1 Nb6 9. Bb3 Ne7 10. Nc3 0-0 11. a3 a6 12. Bc2 f5 13. e5 Bc7 14. h4 Ned5 15. Nxd5 Nxd5 16. Qd3 Bd7 17. g4 Ne7 18. g5 h5 19. Bb3 Bb6 20. Bd2 Qe8 21. Bb4 g6 22. Nd2 a5 23. Bd6 Rc8 24. Nc4 Bd8 25. Bb4 Bc7 26. Nxa5 Bxa5 27. Bxa5 Rf7 28. Bb4 Nd5 29. Bxd5 exd5 30. Qe3 f4 31. Qf3 Bg4 32. Qg2 Qe6 33. f3 Bf5 34. Qd2 b6 35. Rac1 Bh3 36. Rc3 Qd7 37. Rec1 c5 38. dxc5 d4 39. Rd3 Qd5 40. cxb6 Rxc1+ 41. Qxc1 Bf5 42. Rd2 Qxf3 43. Qf1 Qg3+ 44. Rg2 Qxh4 45. Qf2 Qh3 46. b7 Rxb7 47. Qxf4 Qd3 48. Qd2 Qb1+ 49. Qe1 Qd3 50. e6 Be4 51. Re2 Bc6 52. e7 Be8 53. Qf2 Rb8 54. Re1 Rc8 55. Rf1 Kh7 56. Qf8 Qc4 57. Qf4 d3 58. Rf2 Qd5 59. Kh2 Rc4 60. Qg3 Rg4 61. Qe3 Rh4+ 62. Kg3 Qh1 63. Qe6 Rg4+ 64. Qxg4 hxg4 65. Rh2+ Qxh2+ 66. Kxh2 Kg7 67. Kg3 Bd7 68. e8Q Bxe8 69. Kxg4 Kf7 70. Kf4 Ke6 71. Ke4 Bb5 72. Kd4 Kf5 73. Bd2 Ke6 74. b3 Kd7 75. a4 Ba6 76. b4 Kc7 77. Kc5 Bc8 78. a5 Kb7 79. b5 Ka7 80. a6 Bf5 81. Kb4 Be4 82. Ka5 Bd5 83. b6+ Ka8 84. b7+ Bxb7 85. axb7+ Kxb7 86. Kb5 Kc7 87. Kc5 Kd7 88. Kd5 Ke7 89. Ke5 Kf7 90. Kd6 Kg7 91. Ke7 Kg8 92. Kf6 Kh7 93. Kf7 Kh8 94. Kxg6 Kg8 95. Kf6 Kh7 96. Kf7 Kh8 97. Bc3+ Kh7 98. g6+ Kh6 99. g7 1-0

[Event "Catalunya-ch U16"]
[Site "Vila Seca"]
[Date "2007.04.04"]
[Round "8"]
[White "Pantaleoni Reluy, Amadeu"]
[Black "Esplugas Esteve, Vicenc"]
[Result "0-1"]
[WhiteElo "1785"]
[BlackElo "2011"]
[PlyCount "104"]
[EventDate "2007.03.31"]
[EventType "swiss"]
[EventRounds "8"]
[EventCountry "ESP"]
[SourceTitle "EXT 2023"]
[Source "ChessBase"]
[SourceDate "2022.10.05"]
[SourceVersion "1"]
[SourceVersionDate "2022.10.05"]
[SourceQuality "1"]

1. d4 e6 2. c4 b6 3. Nc3 Bb7 4. Nf3 Bb4 5. e3 f5 6. Bd3 Nf6 7. Bd2 0-0 8. 0-0 d6 9. a3 Bxc3 10. Bxc3 Ne4 11. Qc2 Nd7 12. Nd2 Nxc3 13. bxc3 Qg5 14. e4 f4 15. Nf3 Qg4 16. h3 Qg5 17. Be2 Qg6 18. Bd3 e5 19. d5 Nc5 20. Rfe1 Bc8 21. Kh2 Qh6 22. Rg1 g5 23. g4 Bd7 24. Rg2 Kf7 25. Nd2 Ba4 26. Qb1 Rh8 27. Be2 Qg6 28. Bf3 Ke7 29. Ra2 Rag8 30. Rb2 h6 31. Qf1 Qh7 32. Qe2 Be8 33. Rb1 Nd7 34. Rbg1 Nf6 35. Kh1 h5 36. gxh5 Nxh5 37. Rh2 Nf6 38. Nf1 Rg6 39. Bg4 Bd7 40. f3 Rh6 41. Qg2 Nxg4 42. hxg4 Rxh2+ 43. Nxh2 Ba4 44. Rb1 Qh3 45. Qxh3 Rxh3 46. Kg2 Rg3+ 47. Kf2 Bc2 48. Rh1 Rh3 49. Ke2 a5 50. Kd2 Bb3 51. Kd3 a4 52. Kd2 Bxc4 0-1